Sports Quiz

Random Sports or World Quiz
Score 0/68 Timer 06:00
0 Plays Today
% Correct
Steve Davis
97%
Steve Davis
97%
Steve Davis
97%
Steve Davis
97%
Steve Davis
97%
Steve Davis
97%
Stephen Hendry
95.9%
Stephen Hendry
95.9%
Stephen Hendry
95.9%
Stephen Hendry
95.9%
Stephen Hendry
95.9%
Stephen Hendry
95.9%
Stephen Hendry
95.9%
Joe Davis
93.7%
Joe Davis
93.7%
Joe Davis
93.7%
Joe Davis
93.7%
Joe Davis
93.7%
Joe Davis
93.7%
Joe Davis
93.7%
Joe Davis
93.7%
Joe Davis
93.7%
Joe Davis
93.7%
Joe Davis
93.7%
Joe Davis
93.7%
Joe Davis
93.7%
Joe Davis
93.7%
Joe Davis
93.7%
John Higgins
93.7%
John Higgins
93.7%
John Higgins
93.7%
Alex Higgins
93.2%
Alex Higgins
93.2%
Fred Davis
92.2%
% Correct
Fred Davis
92.2%
Fred Davis
92.2%
Mark Williams
82.7%
Mark Williams
82.7%
Ray Reardon
82.3%
Ray Reardon
82.3%
Ray Reardon
82.3%
Ray Reardon
82.3%
Ray Reardon
82.3%
Ray Reardon
82.3%
Dennis Taylor
81.2%
John Parrott
80.9%
Graeme Dott
78.7%
Peter Ebdon
77%
Ronnie O' Sullivan
75.2%
Ronnie O' Sullivan
75.2%
Ronnie O' Sullivan
75.2%
Cliff Thorburn
74.9%
Shaun Murphy
73.7%
Ken Doherty
73%
Joe Johnson
71.1%
Terry Griffiths
70.4%
John Spencer
69.8%
John Spencer
69.8%
John Spencer
69.8%
John Pulman
38.3%
John Pulman
38.3%
John Pulman
38.3%
John Pulman
38.3%
John Pulman
38.3%
John Pulman
38.3%
Walter Donaldson
25.6%
Walter Donaldson
25.6%
Horace Lindrum
21%

You're not logged in!

Compare scores with friends on all Sporcle quizzes.
OR
Log In

Sporcle TV

Today on Sporcle TV


Watch our educational content, quiz creation guides, and fun videos on Sporcle TV.

Show Comments

Extras

Created Sep 28, 2009ReportNominate
Tags:World Quiz, champion, Snooker

Top Quizzes Today


Score Distribution

Paid Content

Your Account Isn't Verified!

In order to create a playlist on Sporcle, you need to verify the email address you used during registration. Go to your Sporcle Settings to finish the process.

Report this User

Report this user for behavior that violates our Community Guidelines.

Details: